Score 0/20 Timer 03:00
0 Plays Today
% Correct
Bruce Willis
86.5%
Ozzy Osbourne
86.2%
Freddie Mercury
81%
Lady Gaga
76.9%
Ashley Olsen
73.1%
Justin Bieber
71.5%
Ariana Grande
70%
Kobe Bryant
67.7%
Adam Levine
67.6%
Channing Tatum
66%
% Correct
Megan Fox
60.4%
Snooki
59.3%
Billie Joe Armstrong
38.1%
Macy Gray
38%
Gerard Butler
30.5%
Miranda Kerr
21.1%
Mo'Nique
20.5%
Rosario Dawson
19.8%
Jensen Ackles
19.8%
Hayden Panettiere
16.8%
Remove Ads.
Support Sporcle.
Get the best of Sporcle when you Go Orange. This ad-free experience offers more features, more stats, and more fun while also helping to support Sporcle. Thank you for becoming a member.

You're not logged in!

Compare scores with friends on all Sporcle quizzes.
OR
Log In

Sporcle TV

Today on Sporcle TV


Watch our educational content, quiz creation guides, and fun videos on Sporcle TV.

Show Comments

Extras

Top Quizzes Today


Score Distribution

Paid Content

Your Account Isn't Verified!

In order to create a playlist on Sporcle, you need to verify the email address you used during registration. Go to your Sporcle Settings to finish the process.

Report this User

Report this user for behavior that violates our Community Guidelines.

Details: